header

Gendered identities and immigrant language learning (Record no. 214014)

MARC details
000 -LEADER
fixed length control field 01547nam a2200373Ia 4500
082 04 - DEWEY DECIMAL CLASSIFICATION NUMBER
Classification number 428.0071/073
100 1# - MAIN ENTRY--AUTHOR NAME
Personal name Menard-Warwick, Julia.
245 10 - TITLE STATEMENT
Title Gendered identities and immigrant language learning
260 ## - PUBLICATION, DISTRIBUTION, ETC. (IMPRINT)
Place of publication Bristol ;
-- Buffalo :
Name of publisher Multilingual Matters,
Year of publication c2009.
300 ## - PHYSICAL DESCRIPTION
Number of Pages xiv, 211 p.
490 1# - SERIES STATEMENT
Series statement Critical language and literacy studies ;
650 #0 - SUBJECT ADDED ENTRY--TOPICAL TERM
Topical Term Hispanic Americans
Topical Term Hispanic Americans
Topical Term Hispanic Americans
Topical Term Sociolinguistics
856 40 - ELECTRONIC LOCATION AND ACCESS
Uniform Resource Identifier http://site.ebrary.com/lib/rucke/Doc?id=10370022

No items available.

© 2026 Rongo University
Contact us: librarian | system librarian | Rongo university